Humana conditio : consideraciones en torno a la evolución de la humanidad en el cuadragésimo aniversario del fin de una guerra (8 de mayo de 1985) (Record no. 7589)
[ view plain ]
| 000 -CABECERA | |
|---|---|
| campo de control de longitud fija | 00610cam a22002052a 4500 |
| 001 - NÚMERO DE CONTROL | |
| campo de control | 001751 |
| 003 - IDENTIFICADOR DEL NÚMERO DE CONTROL | |
| campo de control | AR-FADEU |
| 008 - DATOS DE LONGITUD FIJA--INFORMACIÓN GENERAL | |
| campo de control de longitud fija | 311216n1988####xxu####################dd |
| 020 ## - NÚMERO INTERNACIONAL ESTÁNDAR DEL LIBRO | |
| Número Internacional Estándar del Libro | 84-297-2708-6 |
| 092 ## - ASIGNACIÓN LOCAL DE SIGNATURA TOPOGRÁFICA DEWEY (OCLC) | |
| Número de clasificación | 303.4 |
| Número de documento/Ítem | E42h |
| 100 ## - ENTRADA PRINCIPAL--NOMBRE DE PERSONA | |
| Nombre de persona | Elias, Norbert |
| 245 ## - MENCIÓN DE TÍTULO | |
| Título | Humana conditio : consideraciones en torno a la evolución de la humanidad en el cuadragésimo aniversario del fin de una guerra (8 de mayo de 1985) |
| 260 ## - PUBLICACIÓN, DISTRIBUCIÓN, ETC. (PIE DE IMPRENTA) | |
| Lugar de publicación, distribución, etc. | Barcelona |
| 260 ## - PUBLICACIÓN, DISTRIBUCIÓN, ETC. (PIE DE IMPRENTA) | |
| Nombre del editor, distribuidor, etc. | Península |
| 260 ## - PUBLICACIÓN, DISTRIBUCIÓN, ETC. (PIE DE IMPRENTA) | |
| Fecha de publicación, distribución, etc. | 1988 |
| 300 ## - DESCRIPCIÓN FÍSICA | |
| Extensión | 147 p |
| 440 ## - MENCIÓN DE SERIE/PUNTO DE ACCESO ADICIONAL--TÍTULO | |
| Título | Península, ideas |
| Número de parte o sección de la obra | 2 |
| 650 ## - PUNTO DE ACCESO ADICIONAL DE MATERIA--TÉRMINO DE MATERIA | |
| Término de materia o nombre geográfico como elemento inicial | CAMBIO SOCIAL; SOCIOLOGIA-EUROPA |
| 942 ## - ELEMENTOS DE PUNTO DE ACCESO ADICIONAL (KOHA) | |
| Tipo de ítem Koha | BDGR |
| Estado de retiro | Estado de pérdida | Estado dañado | No para préstamo | Localización permanente | Ubicación/localización actual | Fecha de adquisición | Número de inventario | Total de préstamos | Signatura topográfica completa | Código de barras | Fecha visto por última vez | Fecha del último préstamo | Precio válido a partir de | Tipo de ítem Koha |
|---|---|---|---|---|---|---|---|---|---|---|---|---|---|---|
| Biblioteca Ernesto Sabato - FADECS - UNCOMA | Biblioteca Ernesto Sabato - FADECS - UNCOMA | 20/02/2017 | 11082 | 2 | 303.4 E42h | 11082 | 14/05/2024 | 07/05/2024 | 20/02/2017 | BDGR | ||||
| Biblioteca Ernesto Sabato - FADECS - UNCOMA | Biblioteca Ernesto Sabato - FADECS - UNCOMA | 20/02/2017 | 11083 | 3 | 303.4 E42h | 11083 | 29/07/2024 | 26/06/2024 | 20/02/2017 | BDGR |